Loading...
The Santhal woman /
| Main Author: | |
|---|---|
| Format: | Printed Book |
| Language: | English |
| Published: |
New Delhi :
Sarup Book Publishers,
2018.
|
| LEADER | 00536nam a22001457a 4500 | ||
|---|---|---|---|
| 008 | 190301b xxu||||| |||| 00| 0 eng d | ||
| 999 | |c 25976 |d 25976 | ||
| 020 | |a 9789352081233 | ||
| 082 | |a 305.42095412 |b SAH | ||
| 100 | |a Sahu, Chaturbhuj | ||
| 245 | |a The Santhal woman / |c Chaturbhuj Sahu | ||
| 260 | |a New Delhi : |b Sarup Book Publishers, |c 2018. | ||
| 300 | |a 184p. | ||
| 942 | |2 ddc |c BK | ||
| 952 | |0 0 |1 0 |2 ddc |4 0 |6 305_420954120000000_SAH |7 0 |9 35560 |a MAIN |b MAIN |d 2019-03-01 |e Prabhath Book House |g 595.00 |o 305.42095412 SAH |p 34176 |r 2019-03-01 |t 1 |w 2019-03-01 |y BK | ||